Stolice świata z literą „F” - Statystyki

Ogólne statystyki
  • Ten quiz został rozwiązany 105 razy
  • Średni wynik to 4 z 6
Statystyki odpowiedzi
Stolica % Poprawnych
Funafuti
85%
Freetown
81%
Nuku'alofa
63%
Sofia
53%
Bloemfontein
49%
Port-of-Spain
47%
Nie znaleziono quizów pasujących do podanych kryteriów
Rozkład punktacji
Procent ludzi z każdym wynikiem
Percentyl według liczby udzielonych odpowiedzi
Twoja historia wyników
Nie rozwiązałeś tego quizu